000 00461nam a2200169Ia 4500
008 230917s9999||||xx |||||||||||||| ||und||
020 _cRS 1350.00
040 _e5007389
_aMAIN
041 _aEnglish
082 _a320.50954 S64I
100 _aSingh, Shyam Prakash
245 0 _aIndian political thoughts and system
260 _aJaipur
_bRBSA Publishers
_c2018
300 _a296 p.
500 _a4367 14/01/2022 IF22/1060 15/01/2022 Main Budget
942 _cBK
999 _c4492
_d4492